|
|
|
|
| LEADER |
00000cam a2200000 a 4500 |
| 001 |
202591 |
| 003 |
Ucuenca |
| 005 |
20240323062553.0 |
| 008 |
964050|1963 ag |||||r|||||||||||spa|| |
| 040 |
|
|
|b spa
|
| 041 |
0 |
|
|a spa
|
| 082 |
0 |
|
|a 615.9
|
| 100 |
1 |
|
|a Francone, Mario Pablo
|9 86059
|
| 245 |
|
|
|a Toxicología
|c Mario Pablo Francone
|h imp
|
| 264 |
|
|
|a Buenos Aires
|b Médica Panamericana
|c 1963
|
| 300 |
|
|
|a xv, 336 páginas:
|b ilu
|c 23 cm
|
| 504 |
|
|
|a incl. ref.
|
| 650 |
|
0 |
|a Toxicología
|9 11226
|
| 852 |
|
|
|a UC-SALUD
|f Compra
|l 1
|m General
|p 19640504
|q S/. 190
|t 202591
|b 0
|d CDRS
|e CDRS
|g 615.9
|z 1964-40-50
|
| 942 |
|
|
|c BK
|
| 999 |
|
|
|c 51821
|d 51821
|